00407nam a2200157Ia 45000010006000000050017000060080041000230410008000640820021000721000030000932450073001232600009001963000028002056500008002336540008002412082020260306172833.0260306t2013||||xx |||||||||||||| ||spa|| aESP a343.8bC83 Nº 1 aCosio Jara, FernandoeAUT 0aReformas sobre simplificación administrativa en aduanas y tributos c2013 a353 páginas :c29 cm. aGEN aCDE